000 00624nam a2200205Ia 4500
003 GCL
008 140319s9999 xx 000 0 ara d
040 _aGCL /
_cGCL
082 0 4 _a910.03
_bع ج
100 1 _aعبدالفتاح محمد وهيبة
245 1 0 _aجغرافيا الانسان /
_cعبدالفتاح محمد وهيبة
260 _a[S.N] :
_bدار النهضة العربية للطباعة والنشر ،
_c1980
300 _a564 ص
490 _a
650 0 4 _aالحضارة
650 0 4 _aالبدو
650 0 4 _aالجغرافيا البشرية
650 0 4 _aالارض
942 _2ddc
_cBK
999 _c37332
_d37332